00625nam a2200193Ia 4500008004100000020001500041082001500056100002400071245002100095250000800116260002500124300001200149500002400161650001200185942000700197952010600204952010600310999001500416230524s9999 xx 000 0 und d a8176569283 a6.133bBPD aBPB Editional Board 0aData Warehousing a1ST aNEW DELHIbBPBc2004 aVII;200 aQuantity Number: 2 aComp-Sc cBK 00104070aTATCLbTATCLcGENd2023-05-24l0o006.133 BPDp6357r2023-05-24w2023-05-24yBKzPCCS4205 00104070aTATCLbTATCLcGENd2023-05-24l0o006.133 BPDp6358r2023-05-24w2023-05-24yBKzPCCS4205 c7006d7006